|
|
|
|
| LEADER |
00000naa2a2200000 4500 |
| 001 |
148184 |
| 005 |
20231031145356.0 |
| 035 |
|
|
|a (RuTPU)RU\TPU\book\160636
|
| 090 |
|
|
|a 148184
|
| 100 |
|
|
|a 20081127d2008 k y0rusy50 ca
|
| 101 |
0 |
|
|a rus
|
| 102 |
|
|
|a RU
|
| 200 |
1 |
|
|a Своевременный контроль и управляющие воздействия при динамических электрических возмущениях в электрической сети
|f В. В. Тезиков
|
| 320 |
|
|
|a Библиогр.: 2 назв.
|
| 461 |
|
1 |
|0 (RuTPU)RU\TPU\book\156858
|t Современные техника и технологии
|o 14 Международная научно-практическая конференция студентов, аспирантов и молодых ученых, г. Томск, 24-28 марта 2008 г.
|o труды
|o в 3 т.
|f Томский политехнический университет (ТПУ)
|d 2008
|
| 463 |
|
0 |
|0 (RuTPU)RU\TPU\book\155176
|t Т. 1
|v С. 105-107
|d 2008
|p 538 с.
|
| 610 |
1 |
|
|a электрические возмущения
|
| 610 |
1 |
|
|a электрические сети
|
| 610 |
1 |
|
|a управление
|
| 610 |
1 |
|
|a контроль
|
| 610 |
1 |
|
|a динамические возмущения
|
| 610 |
1 |
|
|a электроэнергетические системы
|
| 610 |
1 |
|
|a подсистемы
|
| 610 |
1 |
|
|a генераторы
|
| 610 |
1 |
|
|a труды учёных ТПУ
|
| 700 |
|
1 |
|a Тезиков
|b В. В.
|
| 801 |
|
1 |
|a RU
|b 63413507
|c 20081127
|g PSBO
|
| 801 |
|
2 |
|a RU
|b 63413507
|c 20141106
|g RCR
|
| 942 |
|
|
|c BK
|